História moderna e contemporânea (Record no. 132408)
[ view plain ]
| 000 -LÍDER | |
|---|---|
| campo de controle de tamanho fixo | 01324 a2200181 4500 |
| 001 - NÚMERO DE CONTROLE | |
| campo de controle | 132408 |
| 020 ## - ISBN - INTERNATIONAL STANDARD BOOK NUMBER | |
| ISBN - International Standard Book Number | 85-262-1865-4 |
| 040 ## - FONTE DA CATALOGAÇÃO | |
| Instituição que transcreveu o registro | Leonardo Da Vinci |
| 041 ## - CÓDIGO DE IDIOMA | |
| Código do idioma do texto/trilha sonora ou título diferente | Português |
| 082 ## - CDD - CLASSIFICAÇÃO DECIMAL DE DEWEY | |
| Número de Classificação | 372.9 B199ha |
| Número do exemplar | B199ha |
| 100 ## - ENTRADA PRINCIPAL--NOME PESSOAL | |
| Nome pessoal | BARBOSA FILHO, Milton Benedicto |
| -- | STOCKLER, Maria Luiza Santiago |
| 245 ## - TÍTULO | |
| Título | História moderna e contemporânea |
| 260 ## - PUBLICAÇÃO, DISTRIBUIÇÃO, ETC. | |
| Nome do editor, distribuidor, etc. | Scipione |
| Data da publicação, distribuição, etc. | 1993 |
| Local de publicação, distribuição, etc. | São Paulo |
| 300 ## - DESCRIÇÃO FÍSICA | |
| Extensão | 160 |
| 362 ## - DATAS DE PUBLICAÇÃO E/OU DESIGNAÇÃO SEQUENCIAL | |
| Datas de publicação e/ou designação sequencial | 19930000 |
| 697 ## - ENTRADA DE ASSUNTO LOCAL--ENTIDADE COLETIVA (RLIN) | |
| Nome corporativo ou nome da jurisdição | História |
| -- | Idade moderna |
| -- | Grandes navegações |
| -- | Expansão marítima |
| -- | Colonização do Novo Mundo |
| -- | Renascimento |
| -- | Reforma religiosa |
| -- | Reforma luterana |
| -- | Reforma calvinista |
| -- | Reforma anglicana |
| -- | Reforma católica |
| -- | Contra-reforma |
| -- | Monarquia nacional |
| -- | Absolutismo francês |
| -- | Antigo regime |
| -- | Revolução industrial |
| -- | Iluminismo |
| -- | Despotismo esclarecido |
| -- | Idade contemporânea |
| -- | Independência dos Estados Unidos |
| -- | França |
| -- | Assembléia Constituinte |
| -- | Convenção nacional |
| -- | Período napoleônico |
| -- | Congresso de Viena |
| -- | Colônias espanholas |
| -- | Independência do Brasil |
| -- | Guerra de secessão |
| -- | Liberalismo |
| -- | Socialismo |
| -- | Nacionalismo |
| -- | Revolução de 1830 |
| -- | Revolução de 1848 |
| -- | Imperialismo |
| -- | Colonialismo |
| -- | Primeira guerra mundial |
| -- | Revolução russa |
| -- | Segunda guerra mundial |
| -- | Fascismo |
| -- | Guerra Fria |
| -- | Nova ordem mundial |
| -- | OTAN |
| -- | Pacto de Varsóvia |
| -- | Conflitos internacionais |
| -- | Ensino Fundamental 2. ciclo |
| 942 ## - ELEMENTOS DE ENTRADA ADICIONADOS (KOHA) | |
| Tipo de material Koha | Livros |
| Situação do descarte | Situação das perdas | Situação física | Não pode ser emprestado | Biblioteca de origem | Biblioteca atual | Data de aquisição | Total de empréstimos | Número de chamada completo | Código de barras | Data de último acesso | Data do preço efetivo | Tipo de material Koha |
|---|---|---|---|---|---|---|---|---|---|---|---|---|
| Leonardo Da Vinci - Osasco | Leonardo Da Vinci - Osasco | 27/03/2024 | 372.9 B199ha | O002175 | 27/03/2024 | 27/03/2024 | Livros |